000 00668nam a2200277Ia 4500
005 20260324111526.0
008 008 260324s9999 xx 000 0 eng d
020 _a9781003503989
037 _aEBOOK
040 _aCRL
040 _beng
040 _cCRL
041 _2eng
041 _aeng
084 _qCRL
100 _aDavid J. Doglietto
_91138925
245 0 _aCrime Scene Processing in Correctional Facilities and Prisons
260 _bTaylor and Francis
260 _c2025
365 _a
365 _b230
856 _uhttp://www.taylorfrancis.com/books/9781003503989
942 _cEBOOK
999 _c1727784
_d1727784